Rooman valtakunnan nykyiset valtiot kartalla - Statistics

Yleistilastot
  • Tätä visaa on pelattu 420 kertaa
  • Keskiarvotulos 46 / 50
Vastaukset kartalla
Vastauksille on annettu kartalla punavihreä väri sen mukaan, kuinka moni on saanut sen oikein.
 
Vastaustilastot
Maa % Oikein
Italia
99%
Espanja
98%
Ranska
98%
Egypti
97%
Portugali
97%
Saksa
97%
Turkki
97%
Alankomaat
96%
Belgia
96%
Itävalta
96%
Kreikka
96%
Sveitsi
96%
Yhdistynyt kuningaskunta
96%
Kroatia
95%
Romania
95%
Albania
94%
Luxemburg
94%
Marokko
94%
Slovenia
94%
Unkari
94%
Algeria
93%
Andorra
93%
Bulgaria
93%
Israel
93%
Montenegro
93%
Serbia
93%
Bosnia ja Hertsegovina
92%
Kypros
92%
Malta
92%
Vatikaani
92%
Irak
91%
Kosovo
91%
Pohjois-Makedonia
91%
San Marino
91%
Iran
90%
Libya
90%
Liechtenstein
90%
Monaco
90%
Slovakia
90%
Syyria
90%
Saudi-Arabia
88%
Tunisia
88%
Ukraina
88%
Georgia
87%
Venäjä
87%
Jordania
85%
Armenia
84%
Libanon
83%
Azerbaidžan
81%
Kuwait
72%
Ehtoja vastaavia visoja ei löytynyt
Tulosjakauma
Jokaisen tuloksen saaneiden osuus
Persentiili vastausten määrän mukaan
Tuloshistoriasi
Et ole pelannut tätä visaa